| 000 | 00384nam a2200145Ia 4500 | ||
|---|---|---|---|
| 008 | 230917s9999||||xx |||||||||||||| ||und|| | ||
| 040 |
_e106497 _aMAIN |
||
| 041 | _aEnglish | ||
| 082 | _a380.5 T687T | ||
| 100 | _aBanister, David, ed. | ||
| 245 | 0 | _aTransport: The environment and sustainable development. | |
| 260 |
_aLondon _bE & FN Spon _c1993 |
||
| 300 | _a275 p. | ||
| 942 | _cBK | ||
| 999 |
_c109723 _d109723 |
||